000 01176cam a22002892 4500
001 12623
003 BD-RjUL
005 20211208235328.0
008 140129t19671964fluac b 001 0 eng d
035 _a(BD-RjUL)12672
_aOCLC ocm00294028 from D971013M
040 _aDLC
_cCCL
_dOCL
_dEQO
_dBD-RjUL
_beng
041 _aeng
082 0 0 _a581.234
_bPLA 1967
245 1 0 _aPlant virology /
_cEdited by M. K. Corbett and H. D. Sisler.
250 _aLithoprint ed.
260 _aGainesville :
_bUniversity of Florida Press,
_cc.1964 [1967]
300 _axvii, 527 p. :
_billus., ports.
_c27 cm.
500 _a"Compiled from a series of lectures and laboratory exercises presented during a Southern regional graduate summer session in plant virology ... at the University of Maryland, June 24 to August 2, 1963."
500 _a" A university of Florida Press Book"
504 _aIncludes bibliographies and index.
650 0 _aVirus diseases of plants.
_937751
650 0 _aVirology.
_939319
700 1 _aCorbett, M. K.,
_q(Merwin Kenneth), ed.
_d1927-
_939320
700 1 _aSisler, Hugh D.,
_q(Hugh Delane), jt. ed.
_d1922-
_939321
942 _2ddc
_cBK
999 _c12623
_d12623